| 000 | 00958cam a2200265 a 4500 | ||
|---|---|---|---|
| 999 |
_c7793 _d7793 |
||
| 001 | 4345034 | ||
| 003 | OSt | ||
| 005 | 20220304123022.0 | ||
| 008 | 891024s1990 enka b 001 0 eng | ||
| 010 | _a 89026453 | ||
| 020 | _a0198535678 | ||
| 040 |
_aDLC _cDDC _dDLC |
||
| 082 | 0 | 0 | _a516.DWO |
| 100 | 1 |
_aDwork, Bernard M. _915875 |
|
| 245 | 1 | 0 |
_aGeneralized hypergeometric functions / _cBernard Dwork. |
| 260 |
_aOxford [England] : _bClarendon Press ; _aNew York : _bOxford University Press, _c1990. |
||
| 300 |
_a188 p. : _bill. ; _c24 cm. |
||
| 440 | 0 |
_aOxford mathematical monographs _915876 |
|
| 504 | _aIncludes bibliographical references (p. [180]-181) and indexes. | ||
| 650 | 0 |
_aHypergeometric functions. _915877 |
|
| 856 | 4 | 2 |
_3Publisher description _uhttp://www.loc.gov/catdir/enhancements/fy0637/89026453-d.html |
| 906 |
_a7 _bcbc _corignew _d1 _eocip _f19 _gy-gencatlg |
||
| 942 |
_2ddc _cO_SHELF |
||